National Anthem Names Quiz - Statistics

General Stats
  • This quiz has been taken 17 times
  • The average score is 6 of 15
Answer Stats
Hint Answer % Correct
United Kingdom God Save The King
86%
United States of America The Star-Spangled Banner
86%
Australia Advance Australia Fair
71%
Canada O Canada
57%
Spain Marcha Real
43%
China March of the Volunteers
43%
Germany Deutschlandlied
36%
India Jana Gana Mana
36%
Japan Kimigayo
36%
Turkey İstiklal Marşı
29%
Belgium La Brabançonne
29%
Finland Maamme
29%
Italy Fratelli d'Italia
14%
Netherlands Het Wilhelmus
14%
Poland Mazurek Dabrowskiego
14%
No matching quizzes found
Score Distribution
Percent of People with Each Score
Percentile by Number Answered
Your Score History
You have not taken this quiz